| 000 | 00417nam a2200157Ia 4500 | ||
|---|---|---|---|
| 005 | 20250318130740.0 | ||
| 008 | 231217s9999 xx 000 0 und d | ||
| 020 | _a9788122412789 | ||
| 082 | _a338.5 BAR;1 R | ||
| 100 | _aBarthwal, R R | ||
| 245 | 0 | _aIndustrial economics : an introductory text book | |
| 250 | _a2nd ed. | ||
| 260 |
_c2000 _bNew Age International _aNew Delhi |
||
| 300 | _axi+544 | ||
| 942 | _cAA | ||
| 999 |
_c183278 _d183278 |
||